[Event "Stockholm Elite Hotels GP"]
[Site "Stockholm"]
[Date "2023.11.05"]
[Round "8"]
[White "Crevatin, Leo"]
[Black "Schwartz, Julius"]
[Result "1/2-1/2"]
[WhiteElo "2304"]
[BlackElo "2136"]
[PlyCount "94"]
[EventDate "2023.11.03"]
[EventType "swiss"]
[EventRounds "8"]
[EventCountry "SWE"]
[SourceTitle "Mega2024 Update 01"]
[Source "Chessbase"]
[SourceDate "2023.11.12"]
[SourceVersion "1"]
[SourceVersionDate "2023.11.12"]
[SourceQuality "1"]

1. d4 d5 2. c4 c6 3. Nf3 Nf6 4. Qc2 g6 5. cxd5 cxd5 6. Bf4 Nc6 7. Nc3 Bg7 8. e3 0-0 9. Be2 Nh5 10. Bg5 h6 11. Bh4 Bf5 12. Qb3 g5 13. Bg3 Nxg3 14. hxg3 e6 15. Qxb7 Qd6 16. Qa6 Rab8 17. 0-0 Rb6 18. Qa3 Qxa3 19. bxa3 Rb2 20. Rfc1 Na5 21. Ba6 Rfb8 22. Na4 Rb1 23. Raxb1 Rxb1 24. Rxb1 Bxb1 25. Nc3 Bc2 26. Ne1 Bf5 27. Bd3 Bxd3 28. Nxd3 Nc4 29. a4 Kf8 30. g4 Ke8 31. Kf1 Kd7 32. Ke2 Kc7 33. g3 Bf8 34. f4 Kb6 35. Ne5 Nxe5 36. fxe5 a6 37. Kd3 Bb4 38. Kc2 Ka5 39. Kb3 Bxc3 40. Kxc3 Kxa4 41. Kc2 Ka3 42. Kb1 Kb4 43. Kb2 a5 44. Kc2 a4 45. Kb2 Kc4 46. Kc2 Kb4 47. Kb2 Kc4 1/2-1/2

[Event "Leamington Spa 4NCL op-A 28th"]
[Site "Leamington Spa"]
[Date "2022.07.10"]
[Round "5"]
[White "Schwartz, Julius"]
[Black "Hill, Andy"]
[Result "1/2-1/2"]
[WhiteElo "2123"]
[BlackElo "1873"]
[PlyCount "108"]
[EventDate "2022.07.08"]
[EventType "swiss"]
[EventRounds "5"]
[EventCountry "ENG"]
[SourceTitle "CBM 209 Extra"]
[Source "ChessBase"]
[SourceDate "2022.09.30"]
[SourceVersion "1"]
[SourceVersionDate "2022.09.30"]
[SourceQuality "1"]

1. d4 Nf6 2. c4 g6 3. Nc3 Bg7 4. e4 d6 5. Be2 0-0 6. Nf3 Nbd7 7. 0-0 e5 8. Be3 Qe7 9. Qc2 c6 10. Rfe1 Re8 11. Bf1 Nh5 12. Rad1 Ndf6 13. h3 Kh8 14. c5 dxc5 15. dxe5 Nd7 16. Bg5 f6 17. exf6 Bxf6 18. Bxf6+ Qxf6 19. e5 Nxe5 20. Nxe5 Rxe5 21. Ne4 Qe7 22. Qc3 Ng7 23. Ng5 Rxe1 24. Rxe1 Qf8 25. Rd1 Bf5 26. Bd3 h6 27. Bxf5 Qxf5 28. Nf3 Rf8 29. Re1 b6 30. Qd2 Kh7 31. a3 Qf6 32. Re4 Nf5 33. Ne5 Rd8 34. Qf4 Rd1+ 35. Kh2 Qd6 36. g3 Rd4 37. Rxd4 cxd4 38. Qe4 c5 39. h4 h5 40. Nf7 Qe7 41. Ng5+ Kg7 42. Qd5 b5 43. Ne6+ Kf6 44. Nxc5 Qe2 45. Ne4+ Ke7 46. Qe5+ Kd8 47. Qb8+ Ke7 48. Qxa7+ Kd8 49. Qb6+ Ke7 50. Qf6+ Kd7 51. Qf7+ Kd8 52. Qd5+ Kc7 53. Qe5+ Kd8 54. Qd5+ Ke7 1/2-1/2

[Event "Leamington Spa 4NCL op-A 28th"]
[Site "Leamington Spa"]
[Date "2022.07.09"]
[Round "2"]
[White "Gomez, Daniel3333"]
[Black "Schwartz, Julius"]
[Result "1-0"]
[WhiteElo "1980"]
[BlackElo "2123"]
[PlyCount "113"]
[EventDate "2022.07.08"]
[EventType "swiss"]
[EventRounds "5"]
[EventCountry "ENG"]
[SourceTitle "CBM 209 Extra"]
[Source "ChessBase"]
[SourceDate "2022.09.30"]
[SourceVersion "1"]
[SourceVersionDate "2022.09.30"]
[SourceQuality "1"]

1. e4 c5 2. Nf3 d6 3. d4 cxd4 4. Nxd4 Nf6 5. Nc3 a6 6. h3 e5 7. Nde2 h5 8. g3 b5 9. a4 b4 10. Nd5 Bb7 11. Bg2 Nxd5 12. exd5 a5 13. Be3 Be7 14. 0-0 Nd7 15. c4 Rc8 16. b3 0-0 17. Nc1 h4 18. Nd3 Bf6 19. Rc1 hxg3 20. fxg3 Bg5 21. Qd2 Bxe3+ 22. Qxe3 Qb6 23. Qxb6 Nxb6 24. g4 Nd7 25. Rce1 Nc5 26. Nxc5 Rxc5 27. Rf2 f6 28. Be4 Kf7 29. g5 Ke7 30. Ref1 Bc8 31. Rf3 Bd7 32. Kg2 Rcc8 33. Bg6 Rh8 34. R1f2 Rcf8 35. Rf1 Rh4 36. Bf5 Bxf5 37. Rxf5 Rd4 38. R1f3 e4 39. Re3 fxg5 40. Rxg5 Kf6 41. Rg4 Re8 42. Kg3 g5 43. h4 Re5 44. Rf3+ exf3 45. Rxd4 Re3 46. hxg5+ Kg6 47. c5 dxc5 48. d6 Re8 49. d7 Rd8 50. Rd5 Kf7 51. Kxf3 Ke6 52. Rxc5 Rxd7 53. Ke4 Ra7 54. Rc6+ Kd7 55. Kd5 Ra8 56. g6 Rh8 57. Ra6 1-0

[Event "Leamington Spa 4NCL op-A 28th"]
[Site "Leamington Spa"]
[Date "2022.07.09"]
[Round "3"]
[White "Schwartz, Julius"]
[Black "Cast, Julian"]
[Result "1-0"]
[WhiteElo "2123"]
[BlackElo "1909"]
[PlyCount "55"]
[EventDate "2022.07.08"]
[EventType "swiss"]
[EventRounds "5"]
[EventCountry "ENG"]
[SourceTitle "CBM 209 Extra"]
[Source "ChessBase"]
[SourceDate "2022.09.30"]
[SourceVersion "1"]
[SourceVersionDate "2022.09.30"]
[SourceQuality "1"]

1. d4 Nf6 2. c4 e5 3. dxe5 Ne4 4. Nd2 Nc5 5. Ngf3 Nc6 6. g3 Qe7 7. Bg2 g6 8. 0-0 Bg7 9. Nb1 Nxe5 10. Nc3 0-0 11. Nxe5 Bxe5 12. Bh6 Re8 13. Nd5 Qd8 14. Qd2 d6 15. e4 c6 16. f4 cxd5 17. fxe5 Rxe5 18. exd5 Bf5 19. Rf4 Nd3 20. Rxf5 Rxf5 21. Qxd3 Qb6+ 22. Kh1 Qxb2 23. Re1 Rh5 24. Bf4 Rd8 25. Qb3 Qf2 26. Rf1 Qd4 27. g4 Rh4 28. Bg5 1-0

[Event "Southend Easter op 64th"]
[Site "Southend"]
[Date "2022.04.18"]
[Round "7"]
[White "Schwartz, Julius"]
[Black "Onslow, Alfie"]
[Result "0-1"]
[WhiteElo "2118"]
[BlackElo "2077"]
[PlyCount "68"]
[EventDate "2022.04.15"]
[EventType "swiss"]
[EventRounds "7"]
[EventCountry "ENG"]
[SourceTitle "CBM 207 Extra"]
[Source "ChessBase"]
[SourceDate "2022.05.31"]
[SourceVersion "1"]
[SourceVersionDate "2022.05.31"]
[SourceQuality "1"]

1. e4 c6 2. d4 d5 3. e5 Bf5 4. h4 h5 5. Bd3 Bxd3 6. Qxd3 Qa5+ 7. Nd2 e6 8. Ngf3 Qa6 9. c4 Ne7 10. 0-0 Nf5 11. Qc2 Nd7 12. b3 Be7 13. g3 0-0 14. Bb2 Rfc8 15. Rac1 b6 16. Qb1 Qb7 17. Rfd1 a5 18. a3 c5 19. dxc5 Nxc5 20. Re1 dxc4 21. Rxc4 Nxb3 22. Rf4 Nxd2 23. Nxd2 b5 24. Rxf5 exf5 25. e6 Rc5 26. exf7+ Kxf7 27. Qd3 Rh8 28. Qb3+ Qd5 29. Qe3 Bf6 30. Bxf6 gxf6 31. Qe7+ Kg6 32. Re6 Rc1+ 33. Nf1 Rf8 34. Re3 Qd1 0-1

[Event "Southend Easter op 64th"]
[Site "Southend"]
[Date "2022.04.16"]
[Round "3"]
[White "Schwartz, Julius"]
[Black "Villiers, Thomas"]
[Result "1/2-1/2"]
[WhiteElo "2118"]
[BlackElo "2219"]
[PlyCount "54"]
[EventDate "2022.04.15"]
[EventType "swiss"]
[EventRounds "7"]
[EventCountry "ENG"]
[SourceTitle "CBM 207 Extra"]
[Source "ChessBase"]
[SourceDate "2022.05.31"]
[SourceVersion "1"]
[SourceVersionDate "2022.05.31"]
[SourceQuality "1"]

1. e4 c5 2. Nf3 d6 3. d4 cxd4 4. Nxd4 Nf6 5. Nc3 a6 6. f3 e5 7. Nb3 Be6 8. Be3 d5 9. exd5 Nxd5 10. Nxd5 Qxd5 11. Qxd5 Bxd5 12. 0-0-0 Bxb3 13. axb3 Nd7 14. Bc4 f6 15. Bf7+ Kxf7 16. Rxd7+ Be7 17. Bb6 Rab8 18. Rhd1 Ke6 19. Ba7 Rhd8 20. Rc7 Rxd1+ 21. Kxd1 Rd8+ 22. Ke2 Rd7 23. Rc8 Rd8 24. Rc7 Rd7 25. Rc8 f5 26. Be3 Rd8 27. Rc7 Rd7 1/2-1/2

[Event "London Classic op"]
[Site "London"]
[Date "2011.12.11"]
[Round "9"]
[White "Schwartz, Julius"]
[Black "Vlcek, Marek"]
[Result "1-0"]
[WhiteElo "2065"]
[BlackElo "1935"]
[PlyCount "75"]
[EventDate "2011.12.03"]
[EventType "swiss"]
[EventRounds "9"]
[EventCountry "ENG"]
[SourceTitle "CBM 145 Extra"]
[Source "ChessBase"]
[SourceDate "2012.01.03"]
[SourceVersion "1"]
[SourceVersionDate "2012.01.03"]
[SourceQuality "1"]

1. e4 e5 2. Nf3 Nc6 3. Bb5 a6 4. Ba4 Bc5 5. 0-0 b5 6. Bb3 d6 7. c3 Bg4 8. Bd5 Qd7 9. Bxc6 Qxc6 10. Nxe5 dxe5 11. Qxg4 Nf6 12. Qf5 Qxe4 13. Qxe4 Nxe4 14. d4 exd4 15. Re1 f5 16. f3 dxc3+ 17. Kh1 Bf2 18. Rf1 Bd4 19. bxc3 Nxc3 20. Bb2 Nxb1 21. Bxd4 Nd2 22. Rfe1+ Kf7 23. Re5 Nc4 24. Rxf5+ Kg6 25. Rf4 h5 26. g4 Rhf8 27. gxh5+ Kxh5 28. Rg4 g5 29. Rag1 Rf5 30. f4 Rg8 31. h4 Rxf4 32. Rxf4 gxf4 33. Rxg8 Kxh4 34. Kg2 Nd2 35. Be5 f3+ 36. Kf2 c5 37. Bf4 Ne4+ 38. Kxf3 1-0

[Event "London Classic op"]
[Site "London"]
[Date "2011.12.08"]
[Round "6"]
[White "Srija, Seshadri"]
[Black "Schwartz, Julius"]
[Result "1-0"]
[WhiteElo "1926"]
[BlackElo "2065"]
[PlyCount "93"]
[EventDate "2011.12.03"]
[EventType "swiss"]
[EventRounds "9"]
[EventCountry "ENG"]
[SourceTitle "CBM 145 Extra"]
[Source "ChessBase"]
[SourceDate "2012.01.03"]
[SourceVersion "1"]
[SourceVersionDate "2012.01.03"]
[SourceQuality "1"]

1. e4 c5 2. Nf3 d6 3. d4 cxd4 4. Nxd4 Nf6 5. Nc3 g6 6. Be3 Bg7 7. f3 0-0 8. Qd2 Nc6 9. 0-0-0 Nxd4 10. Bxd4 Be6 11. Kb1 Qc7 12. h4 Rfc8 13. g4 Qa5 14. a3 Rab8 15. h5 b5 16. hxg6 fxg6 17. Nd5 Qxd2 18. Rxd2 Nxd5 19. exd5 Bxd4 20. Rxd4 Bf7 21. g5 Rc5 22. c4 Kg7 23. Ka1 bxc4 24. Bxc4 Rbc8 25. b3 a5 26. a4 Bg8 27. Kb2 Kf8 28. Re1 Ke8 29. Bb5+ Kd8 30. Rf4 Bxd5 31. Rf8+ Kc7 32. Rxe7+ Kb6 33. Rxc8 Rxc8 34. Rxh7 Bxf3 35. Rd7 Kc5 36. Bd3 Re8 37. Ra7 Kb4 38. Ra6 Be2 39. Bxg6 Re6 40. Bf7 Re7 41. Rb6+ Kc5 42. g6 Kxb6 43. g7 Bh5 44. g8Q Bxf7 45. Qd8+ Rc7 46. Qxd6+ Kb7 47. Qe5 1-0

[Event "London Classic op"]
[Site "London"]
[Date "2011.12.07"]
[Round "5"]
[White "Schwartz, Julius"]
[Black "Jakobsen, Alf Gjoran"]
[Result "1/2-1/2"]
[WhiteElo "2065"]
[BlackElo "1861"]
[PlyCount "69"]
[EventDate "2011.12.03"]
[EventType "swiss"]
[EventRounds "9"]
[EventCountry "ENG"]
[SourceTitle "CBM 145 Extra"]
[Source "ChessBase"]
[SourceDate "2012.01.03"]
[SourceVersion "1"]
[SourceVersionDate "2012.01.03"]
[SourceQuality "1"]

1. e4 e5 2. Nf3 Nf6 3. Nxe5 d6 4. Nf3 Nxe4 5. Nc3 Nxc3 6. dxc3 Be7 7. Bf4 Nc6 8. Qd2 Bg4 9. Be2 0-0 10. 0-0-0 Bf6 11. h3 Bxf3 12. Bxf3 Rb8 13. g4 h6 14. Kb1 Bg5 15. h4 Bxf4 16. Qxf4 Qf6 17. Qxf6 gxf6 18. Bxc6 bxc6 19. Rhe1 Rfe8 20. Kc1 Re5 21. f4 Ra5 22. a3 Kf8 23. Rd4 Re8 24. Rxe8+ Kxe8 25. h5 Kd7 26. Rb4 Kc8 27. Kd2 Rd5+ 28. Rd4 Rb5 29. b3 Kd7 30. a4 Rb8 31. Ke3 Rg8 32. Kf3 a5 33. b4 Ra8 34. Ke4 Ke6 35. Kf3 1/2-1/2

[Event "Oban op"]
[Site "Oban"]
[Date "2011.11.19"]
[Round "3"]
[White "Bremner, Adam"]
[Black "Schwartz, Julius"]
[Result "1/2-1/2"]
[WhiteElo "2068"]
[BlackElo "1876"]
[PlyCount "115"]
[EventDate "2011.11.18"]
[EventType "swiss"]
[EventRounds "5"]
[EventCountry "SCO"]
[SourceTitle "EXT 2023"]
[Source "ChessBase"]
[SourceDate "2022.10.05"]
[SourceVersion "1"]
[SourceVersionDate "2022.10.05"]
[SourceQuality "1"]

1. c4 Nf6 2. g3 g6 3. Bg2 Bg7 4. Nc3 0-0 5. e4 d6 6. Nge2 c5 7. 0-0 Nc6 8. d3 a6 9. a4 Ne8 10. Be3 Nd4 11. Bxd4 cxd4 12. Nb1 Bg4 13. a5 b5 14. cxb5 axb5 15. b4 d5 16. h3 Bxe2 17. Qxe2 Qd6 18. Qd2 Nc7 19. Na3 Rab8 20. Rfc1 dxe4 21. Bxe4 Nd5 22. Bxd5 Qxd5 23. Rc5 Qd7 24. Kh2 e5 25. Rac1 f5 26. Qa2+ Kh8 27. Qd5 Qe7 28. Rxb5 e4 29. a6 exd3 30. Rb7 d2 31. Rf1 Qe2 32. Rxb8 Qxf1 33. Rxf8+ Bxf8 34. Qxd4+ Kg8 35. Qxd2 Qxa6 36. Qd5+ Kh8 37. Qd4+ Kg8 38. Qd5+ Kh8 39. Nc4 Qa7 40. Qe5+ Kg8 41. Qb2 Bxb4 42. Ne5 Bc3 43. Qb3+ Kg7 44. Nd3 Bf6 45. Qc2 Bd4 46. Qe2 Bf6 47. Nf4 Qb6 48. Kg2 Qb7+ 49. Kh2 Qb6 50. Qf3 Qa7 51. Kg2 Qb6 52. g4 fxg4 53. hxg4 Qd6 54. Qb7+ Qe7 55. Qxe7+ Bxe7 56. Kf3 Bd6 57. Ke4 h6 58. Ng2 1/2-1/2

[Event "Dundee & Angus op"]
[Site "Dundee"]
[Date "2011.10.16"]
[Round "4"]
[White "Schwartz, Julius"]
[Black "Berry, Neil"]
[Result "0-1"]
[WhiteElo "1876"]
[BlackElo "2314"]
[PlyCount "54"]
[EventDate "2011.10.14"]
[EventType "swiss"]
[EventRounds "5"]
[EventCountry "SCO"]
[SourceTitle "EXT 2017"]
[Source "ChessBase"]
[SourceDate "2016.10.25"]
[SourceVersion "1"]
[SourceVersionDate "2016.10.25"]
[SourceQuality "1"]

1. e4 e5 2. Nf3 Nc6 3. Bb5 a6 4. Ba4 Nf6 5. 0-0 Be7 6. Re1 b5 7. Bb3 d6 8. c3 0-0 9. h3 Na5 10. Bc2 c5 11. d4 Nd7 12. d5 Nb6 13. Nbd2 g6 14. Nf1 f5 15. exf5 gxf5 16. Ng3 e4 17. Nd2 Ra7 18. Ndxe4 fxe4 19. Rxe4 Bg5 20. Qh5 Rg7 21. h4 Bxc1 22. Rxc1 Nac4 23. Qh6 Rf6 24. Re8+ Qxe8 25. Qxf6 Nxd5 26. Qh6 Qe6 27. Qxe6+ Bxe6 0-1

[Event "Dundee & Angus op"]
[Site "Dundee"]
[Date "2011.10.15"]
[Round "3"]
[White "Schwartz, Julius"]
[Black "Romilly, Peter J"]
[Result "1/2-1/2"]
[WhiteElo "1876"]
[BlackElo "2185"]
[PlyCount "79"]
[EventDate "2011.10.14"]
[EventType "swiss"]
[EventRounds "5"]
[EventCountry "SCO"]
[SourceTitle "EXT 2017"]
[Source "ChessBase"]
[SourceDate "2016.10.25"]
[SourceVersion "1"]
[SourceVersionDate "2016.10.25"]
[SourceQuality "1"]

1. e4 e5 2. Nf3 Nc6 3. Bb5 Nf6 4. 0-0 Bc5 5. c3 0-0 6. Re1 d6 7. h3 h6 8. d3 a6 9. Ba4 Ba7 10. Nbd2 Ne7 11. Nf1 Ng6 12. Ng3 c6 13. d4 Qc7 14. Bc2 Re8 15. Be3 Bd7 16. Qd2 Kh7 17. Nf5 Bxf5 18. exf5 Nf8 19. dxe5 Bxe3 20. Qxe3 dxe5 21. Nxe5 N8d7 22. f4 Re7 23. Qg3 Rae8 24. Nxf7 Rxe1+ 25. Rxe1 Rxe1+ 26. Qxe1 Qxf4 27. Nd8 c5 28. Ne6 Qd6 29. g4 Ne5 30. Qg3 Qd5 31. g5 Nf3+ 32. Kf2 Nxg5 33. Nxg5+ hxg5 34. Qxg5 c4 35. Qh4+ Kg8 36. Qd4 Qc6 37. b3 b5 38. Bd1 Qh1 39. Bf3 Qxh3 40. Qf4 1/2-1/2

[Event "Edinburgh op"]
[Site "Edinburgh"]
[Date "2011.04.03"]
[Round "4"]
[White "McKerracher, Douglas"]
[Black "Schwartz, Julius"]
[Result "1-0"]
[WhiteElo "1962"]
[BlackElo "1867"]
[PlyCount "81"]
[EventDate "2011.04.01"]
[EventType "swiss"]
[EventRounds "5"]
[EventCountry "SCO"]
[SourceTitle "EXT 2013"]
[Source "ChessBase"]
[SourceDate "2012.11.22"]
[SourceVersion "1"]
[SourceVersionDate "2012.11.22"]
[SourceQuality "1"]

1. e4 c5 2. Nc3 Nc6 3. g3 g6 4. Bg2 Bg7 5. d3 d6 6. f4 e6 7. Nf3 Nge7 8. 0-0 0-0 9. Be3 Rb8 10. h3 b5 11. Rb1 Qa5 12. a3 b4 13. axb4 Rxb4 14. Bd2 Qc7 15. b3 Bd7 16. g4 Rfb8 17. Ne2 R4b7 18. Bc3 Nd4 19. e5 Nxf3+ 20. Bxf3 d5 21. Ng3 Bc6 22. Ra1 d4 23. Bd2 Nd5 24. Qe1 Nb4 25. Bxb4 Rxb4 26. Bxc6 Qxc6 27. Rxa7 c4 28. bxc4 Rb2 29. Qf2 Qb6 30. Raa1 Rf8 31. Ne4 f6 32. exf6 Bxf6 33. Nxf6+ Rxf6 34. Ra8+ Kg7 35. Rfa1 Rf7 36. Qe2 Qc5 37. R8a2 Qb6 38. Qe5+ Kh6 39. g5+ Kh5 40. Qe2+ Kh4 41. Qg4# 1-0

[Event "Edinburgh op"]
[Site "Edinburgh"]
[Date "2011.04.01"]
[Round "1"]
[White "Schwartz, Julius"]
[Black "Neave, George"]
[Result "0-1"]
[WhiteElo "1867"]
[BlackElo "2142"]
[PlyCount "114"]
[EventDate "2011.04.01"]
[EventType "swiss"]
[EventRounds "5"]
[EventCountry "SCO"]
[SourceTitle "EXT 2013"]
[Source "ChessBase"]
[SourceDate "2012.11.22"]
[SourceVersion "1"]
[SourceVersionDate "2012.11.22"]
[SourceQuality "1"]

1. e4 c5 2. Nf3 Nc6 3. d4 cxd4 4. Nxd4 Nf6 5. Nc3 e5 6. Ndb5 d6 7. Bg5 a6 8. Na3 b5 9. Bxf6 gxf6 10. Nd5 Bg7 11. Qh5 Ne7 12. Nxe7 Qxe7 13. g3 f5 14. Bg2 fxe4 15. Bxe4 Bb7 16. Qg4 0-0 17. 0-0 d5 18. Bg2 f5 19. Qd1 e4 20. c3 b4 21. cxb4 Bxb2 22. Rb1 Bxa3 23. Qb3 Bxb4 24. Qxb4 Qxb4 25. Rxb4 Bc6 26. Rb6 Bb5 27. Rd1 Bc4 28. a4 Rab8 29. Rxb8 Rxb8 30. Bh3 Rf8 31. Bf1 Kg7 32. Bxc4 dxc4 33. Kf1 Rc8 34. Ke2 Rc6 35. Ke3 c3 36. Rc1 Kf6 37. Kd4 c2 38. a5 h5 39. h4 Ke6 40. Ke3 Ke5 41. Kd2 Kd4 42. Rxc2 Rxc2+ 43. Kxc2 Kc4 44. Kd2 Kb4 45. Ke3 Kxa5 46. Kf4 Kb4 47. Kxf5 a5 48. Kxe4 a4 49. Kf4 a3 50. Kg5 a2 51. Kxh5 a1Q 52. f4 Qf6 53. g4 Qxf4 54. g5 Kc5 55. g6 Qf8 56. Kg5 Kd6 57. h5 Ke6 0-1

[Event "Perth op"]
[Site "Perth"]
[Date "2009.01.31"]
[Round "3"]
[White "Schwartz, Julius"]
[Black "Campbell, Duncan AF"]
[Result "1-0"]
[WhiteElo "1676"]
[BlackElo "1857"]
[PlyCount "53"]
[EventDate "2009.01.30"]
[EventType "swiss"]
[EventRounds "5"]
[EventCountry "SCO"]
[SourceTitle "EXT 2011"]
[Source "ChessBase"]
[SourceDate "2010.11.26"]
[SourceVersion "1"]
[SourceVersionDate "2010.11.26"]
[SourceQuality "1"]

1. e4 e6 2. d4 d5 3. Nc3 Bb4 4. e5 b6 5. a3 Bf8 6. Nf3 Ne7 7. Bd3 Ba6 8. Bxa6 Nxa6 9. Qe2 Nb8 10. Bg5 Qd7 11. 0-0-0 a6 12. h4 b5 13. Nd2 Nc8 14. Nb3 b4 15. axb4 Bxb4 16. Nc5 Bxc5 17. dxc5 Qc6 18. Qg4 h5 19. Rxd5 0-0 20. Qg3 exd5 21. Bf6 g6 22. Qg5 Kh7 23. g4 Nd7 24. gxh5 Nxf6 25. exf6 Qe6 26. hxg6+ fxg6 27. h5 1-0

[Event "Oban op"]
[Site "Oban"]
[Date "2008.11.29"]
[Round "2"]
[White "Forbes, Garry"]
[Black "Schwartz, Julius"]
[Result "0-1"]
[WhiteElo "1975"]
[BlackElo "1676"]
[PlyCount "86"]
[EventDate "2008.11.28"]
[EventType "swiss"]
[EventRounds "5"]
[EventCountry "SCO"]
[SourceTitle "EXT 2011"]
[Source "ChessBase"]
[SourceDate "2010.11.26"]
[SourceVersion "1"]
[SourceVersionDate "2010.11.26"]
[SourceQuality "1"]

1. d4 Nf6 2. Nf3 g6 3. c4 Bg7 4. Nc3 0-0 5. e4 d6 6. Be2 e5 7. d5 a5 8. 0-0 Nbd7 9. Bg5 h6 10. Be3 Ng4 11. Bd2 f5 12. Ne1 Ngf6 13. f3 f4 14. Nd3 Rf7 15. Be1 b6 16. a3 g5 17. Rc1 Nf8 18. b4 Ng6 19. Bf2 h5 20. c5 bxc5 21. bxc5 g4 22. cxd6 cxd6 23. Na4 Rb8 24. Rc3 g3 25. hxg3 fxg3 26. Bxg3 h4 27. Bf2 Nh5 28. Qc2 Ngf4 29. Nxf4 Nxf4 30. Rc1 Bh3 31. gxh3 Qg5+ 32. Kf1 Qg2+ 33. Ke1 Nxh3 34. Bf1 Qh1 35. Rc8+ Kh7 36. Rc3 Ng5 37. Qd3 Nxf3+ 38. Kd1 Nh2 39. Qe2 Rbf8 40. Qh5+ Kg8 41. Kc2 Rxf2+ 42. Kb1 Rb8+ 43. Ka1 Rxf1 0-1

[Event "Dundee & Angus op"]
[Site "Dundee"]
[Date "2008.??.??"]
[Round "2"]
[White "Schwartz, Julius"]
[Black "Neave, George"]
[Result "0-1"]
[WhiteElo "1676"]
[BlackElo "2059"]
[PlyCount "46"]
[EventDate "2008.10.17"]
[EventType "swiss"]
[EventRounds "5"]
[EventCountry "SCO"]
[SourceTitle "EXT 2017"]
[Source "ChessBase"]
[SourceDate "2016.10.25"]
[SourceVersion "1"]
[SourceVersionDate "2016.10.25"]
[SourceQuality "1"]

1. e4 c5 2. d4 cxd4 3. c3 Nf6 4. e5 Nd5 5. Bc4 Qc7 6. Qe2 Nb6 7. Bb3 Nc6 8. Bf4 d3 9. Qe4 e6 10. Nf3 d6 11. 0-0 dxe5 12. Nxe5 Bd6 13. Nxd3 0-0 14. c4 Nd7 15. Nc3 Nf6 16. Qe3 e5 17. Bg3 Ng4 18. Qe4 Nd4 19. Nb5 Nxb5 20. cxb5 Nf6 21. Qh4 Bf5 22. Rad1 Rad8 23. f4 Bxd3 0-1

[Event "Dundee & Angus op"]
[Site "Dundee"]
[Date "2007.??.??"]
[Round "2"]
[White "Grant, Alan"]
[Black "Schwartz, Julius"]
[Result "1-0"]
[WhiteElo "2200"]
[BlackElo "1679"]
[PlyCount "59"]
[EventDate "2007.10.19"]
[EventType "swiss"]
[EventRounds "5"]
[EventCountry "SCO"]
[SourceTitle "EXT 2017"]
[Source "ChessBase"]
[SourceDate "2016.10.25"]
[SourceVersion "1"]
[SourceVersionDate "2016.10.25"]
[SourceQuality "1"]

1. Nf3 Nf6 2. c4 d5 3. cxd5 c6 4. dxc6 Nxc6 5. Nc3 e5 6. d3 h6 7. a3 Bg4 8. e3 Qd7 9. Be2 0-0-0 10. b4 Bd6 11. Bb2 g5 12. Rc1 Kb8 13. 0-0 Ne7 14. Qa4 Ng6 15. Rfd1 Qe6 16. Nb5 a6 17. Nxd6 Qxd6 18. Qa5 Nd7 19. b5 axb5 20. Qxb5 f6 21. Rb1 Qc6 22. Qxc6 bxc6 23. Bxe5+ Kc8 24. Bg3 h5 25. Rdc1 Ne7 26. Bd6 Rde8 27. h3 Be6 28. Nd4 Bf7 29. Bxe7 Rxe7 30. Nxc6 1-0